000 01489cac a2200361 i 4500
003 EG-ScBUE
005 20250615085452.0
008 100210s2006 enka f bd 001 0 eng d
020 _a9780199562107
035 _a(OCoLC)ocm67869269
040 _aEG-ScBUE
_beng
_erda
_cEG-ScBUE
_dEG-ScBUE
082 0 4 _a536
_bBLU
_222
100 1 _aBlundell, J. Stephen,
_eauthor.
_911228
245 1 0 _aConcepts in thermal physics /
_cStephen J. Blundell and Katherine M. Blundell, Department of Physics, University of Oxford, UK.
264 1 _aOxford ;
_aNew York :
_bOxford University Press,
_c2006.
300 _axviii, 464 pages :
_billustrations ;
_c26 cm
336 _2rdacontent
_atext
_btxt
337 _aunmediated
_2rdamedia
_bn
338 _avolume
_bnc
_2rdacarrier
500 _aIncludes glossary.
504 _aIncludes bibliographical references and index.
650 7 _aThermodynamics.
_911229
_2BUEsh
650 7 _aHeat.
_911230
_2BUEsh
650 7 _aStatistical mechanics.
_911231
_2BUEsh
651 _2BUEsh
653 _bENGCHE
_cAugust2015
655 _vReading book
700 1 _aBlundell, Katherine M.,
_eauthor.
_911232
856 4 1 _3Table of contents only
_uhttp://www.loc.gov/catdir/enhancements/fy0628/2006297144-t.html
856 4 1 _3Contributor biographical information
_uhttp://www.loc.gov/catdir/enhancements/fy0725/2006297144-b.html
856 4 1 _3Publisher description
_uhttp://www.loc.gov/catdir/enhancements/fy0725/2006297144-d.html
942 _cBB
_2ddc
999 _c8161
_d8161